Score 0/14 Timer 02:00
0 Plays Today
Hint 3-Letter Word % Correct
A form of public transportationBUS
98.1%
Stock advice: Buy ___, sell high• LOW •
97.6%
Neither here ___ there• NOR •
97.6%
At this exact momentNOW
97.2%
PurchaseBUY
96.1%
A 'Woody' story?TOY
94.4%
A rule based on legal precedenceLAW
94.2%
Hint 3-Letter Word % Correct
Tofu's beanSOY
92.3%
Place in a position of restLAY
92.2%
Talk out loudSAY
90.1%
Fundy descriptor?BAY
89.4%
Bare/rocky peak of a hillTOR
89.1%
A path• WAY •
82.4%
Switz. neighbor• AUS •
66.9%

Today's Daily Dose

Missing Word
I Hardly Know Her!

Word Ladder
Sentence Ending

Quick Pick
Female Firsts

Get the Picture
Triathlon Sports

Remove Ads.
Support Sporcle.
Get the best of Sporcle when you Go Orange. This ad-free experience offers more features, more stats, and more fun while also helping to support Sporcle. Thank you for becoming a member.

You're not logged in!

Compare scores with friends on all Sporcle quizzes.
OR
Log In

Show Comments

Extras

Top Quizzes Today


Score Distribution

Your Account Isn't Verified!

In order to create a playlist on Sporcle, you need to verify the email address you used during registration. Go to your Sporcle Settings to finish the process.

Report this User

Report this user for behavior that violates our Community Guidelines.

Details: